Introduction to managerial accounting / (Record no. 16600)

000 -LEADER
fixed length control field 00531cam a22001814a 4500
020 ## - INTERNATIONAL STANDARD BOOK NUMBER
ISBN 0072422246 (alk. paper)
040 ## - CATALOGING SOURCE
Transcribing agency DLC
082 00 - DEWEY DECIMAL CLASSIFICATION NUMBER
Classification number 658​ HIL 2002 A106 Or.
100 1# - MAIN ENTRY--AUTHOR NAME
Personal name Folk, Jeannie M.
245 10 - TITLE STATEMENT
Title Introduction to managerial accounting /
260 ## - PUBLICATION, DISTRIBUTION, ETC. (IMPRINT)
Place of publication Boston :
Name of publisher McGraw-Hill Irwin,
Year of publication c2002.
300 ## - PHYSICAL DESCRIPTION
Number of Pages xxiv, 613 p. :
Other physical details col. ill. ;
Dimensions 28 cm. +
Accompanying material 1 CD-ROM (4 3/4 in.)
500 ## - GENERAL NOTE
General note Includes indexes.
650 #0 - SUBJECT ADDED ENTRY--TOPICAL TERM
Topical Term Managerial accounting.
700 1# - ADDED ENTRY--PERSONAL NAME
Personal name Garrison, Ray H.
700 1# - ADDED ENTRY--PERSONAL NAME
Personal name Noreen, Eric W.
942 ## - ADDED ENTRY ELEMENTS (KOHA)
Koha item type សៀវភៅភាសាអង់គ្លេស
952 ## - LOCATION AND ITEM INFORMATION (KOHA)
Withdrawn status [LOCAL, KOHA] 0
Holdings
Permanent Location Date acquired Koha item type Lost status Shelving location Barcode Current Location Full call number
Library Block A2018-03-12សៀវភៅភាសាអង់គ្លេស A008A29308Library Block A658​ HIL 2002 A008 Or.
មជ្ឈមណ្ឌលឯការនៃសាកលវិទ្យាល័យភូមិន្ទកសិកម្មចំការដូង

Powered by Koha